Quizzes
Events
Quiz Creation
Community
Videos
Private Events
Remove Ads
Sign In
Join for FREE
Feedback
Dark Mode
Quiz Categories
Sports
Geography
Music
Movies
Television
Just For Fun
Miscellaneous
History
Literature
Language
Science
Gaming
Entertainment
Religion
Holiday
For Kids
Quiz Lab
Recent
Popular Today
Quiz Kudos Today
Editor Picks
Curator Picks
Quizzes by...
Day
Popularity
Type
Ratings
Length
Year
Community
Subscriptions
Recent Discussions
Orange Saloon
Badges
Playlists
Quests
Create
Leaderboards
Showdown
Live 5
Trivia Bingo
Activity
Puzzle Library
Sporcle Events
Private Events
Virtual Trivia
Globe League
Become a Host
Pub Owners
SporcleCon
Opinionation
Our Games
Videos
Blog
Mobile Apps
Partnerships
Remove Ads and Go Orange
Feedback
Sports
Athletes
MLB
NBA
NHL
NFL
Soccer
Sports Teams
WWE
NCAA
Football
Premier League
Basketball
Baseball
Hockey
Golf
Tennis
Cricket
Rugby
Auto Racing
Olympics
World Cup
Sports
Athletes
MLB
NBA
NHL
NFL
Soccer
Sports Teams
WWE
NCAA
Football
Premier League
Basketball
Baseball
Hockey
Golf
Tennis
Cricket
Rugby
Auto Racing
Olympics
World Cup
Random Quiz
Search Sporcle
×
Quiz Lab
Quiz Lab
Sports
NHL
Type in answers that appear in a list
Type in answers that appear in a list
Classic
Best Score? Go Orange.
Calgary Flames First Round Draft Picks Stats
Can you name the Calgary Flames First Round Draft Picks?
By
foo
6m
40 Questions
146 Plays
146 Plays
146 Plays
Comments
Comments
Give Quiz Kudos
Give Quiz Kudos
-
- Ratings
hide this ad
Replay
Link that replays current quiz
Next Quiz
Link to next quiz in quiz playlist
You Got
0%
They Got
Avg Score
34%
Avg Friend Score
Upgrade to see
Score Distribution
Jump to the score distribution portion of the page
Score
0/40
Timer
06:00
0
Plays Today
Year
Player
% Correct
2023
Samuel Honzek
100%
2013
Sean Monahan
90.9%
2014
Sam Bennett
88%
2016
Matthew Tkachuk
84.5%
2007
Mikael Backlund
68.5%
2003
Dion Phaneuf
65.8%
1984
Gary Roberts
61.6%
1981
Al MacInnis
60.3%
2017
Juuso Valimaki
57.6%
1998
Rico Fata
57.5%
1990
Trevor Kidd
56.8%
2021
Matthew Coronato
56.3%
2012
Mark Jankowski
54.8%
2019
Jakob Pelletier
54.1%
2013
Emile Poirier
53.6%
2013
Morgan Klimchuk
50%
1992
Cory Stillman
49.3%
2006
Leland Irving
48.6%
2011
Sven Baertschi
47.6%
2000
Brent Krahn
45.2%
Year
Player
% Correct
1997
Daniel Tkaczuk
43.8%
2008
Greg Nemisz
37.7%
2020
Connor Zary
36.8%
1996
Derek Morris
35.6%
1999
Oleg Saprykin
34.9%
2009
Tim Erixon
34.9%
2001
Chuck Kobasew
30.8%
1993
Jesper Mattson
28.8%
2002
Eric Nystrom
27.4%
2004
Kris Chucko
26%
1991
Niklas Sundblad
25.3%
1995
Denis Gauthier
25.3%
2005
Matt Pelech
25.3%
1994
Chris Dingman
24%
1986
George Pelawa
19.2%
1983
Dan Quinn
18.5%
1988
Jason Muzzatti
16.4%
1980
Denis Cyr
15.8%
1987
Bryan Deasley
15.1%
1985
Chris Biotti
8.9%
Quiz Playlist
Details
Report
Send in Message
Add To Playlist
Classic:
Type in answers that appear in a list
Quiz Source
Last Updated: Jun 26, 2017
Quiz Scoreboard
CHALLENGE
Sign Up to Join the Scoreboard
Show All
Scores
Hide
Comments
May contain spoilers
Recently Published
Presidents Visiting Landmarks
by Hejman
History
7m
An Introduction to Baseball
by treessimontrees
Sports
5m
Movies - When Are They Set?
by FPL_Elf
Movies
5m
More to Explore
Quiz From the Vault
Featured Blog Post
Where Did the Easter Bunny Come From?
hide this ad
You Might Also Like...
Tags
Hockey Quiz
NHL Quiz
Calgary Flames
Draft
Today's Top Quizzes in Sports
Browse Sports
hide this ad
Today's Top Quizzes in NHL
Browse NHL
Top Contributed Quizzes in Sports
1
Les meilleurs buteurs des matchs entre le PSG et l’OM
2
2022 World Cup Stars
3
FIFA Club World Cup Champions
4
Les entraîneurs de l'OM et du PSG au 21e siècle
5
Name the Premier League winners with different clubs
6
La finale Lions - Afrique du Sud 2021
7
5-to-1: UK Sports Teams
8
England Test cricketers to play under Nasser Hussain
9
Players with Multiple 50 Home Run Seasons
10
AFC Teams Reveal (Wrong Answers Minefield)
Explore More
Trending Topics
Harry Potter
Disney
Marvel
Crossword
Anime
NBA
Kpop
Puzzle
The Office
Soccer
Country
WWE
NFL
Pokémon
Song
hide this ad
More By:
foo
Quiz
Plays
Rating
Category
Featured
Created
Calgary Flames Goaltenders
933
5.00
Sports
Nov 18, 2009
'Friends in Low Places' Lyrics
55,153
4.64
Music
Dec 14, 2011
'If You Could Read My Mind' Lyrics
2,527
4.78
Music
Dec 5, 2012
Longest Tenured NHL Player by Team
1,982
4.11
Sports
Jul 5, 2013
Calgary Flames Goaltenders
933
5.00
Sports
Nov 18, 2009
'A Change Is Gonna Come' Lyrics
930
4.73
Music
Feb 18, 2012
Go to Creator's Profile
Score Distribution
Quiz Creator Spotlight
foo
Follow
Send a Message
Quizzes Created
-
Created Quiz Play Count
-
More By This Creator
Popular Quizzes Today
1
Find the US States - No Outlines Minefield
2
Find the Countries of Europe - No Outlines Minefield
3
The Countries of the World
4
Find the US States
5
Popular People in 1961
6
US States
7
Risky Map Clicking: Biggest States A-Z
8
Movies - When Are They Set?
More Sports Quizzes
NBA Ball Hogs
Quiz Lab
Trending Quizzes
Risky Map Clicking: Least Populous States A-Z
1-10 Letter G Words
1-10 Letter F Words
Risky Map Clicking: Next State Alphabetically
Risky Map Clicking: Biggest States A-Z
Recently Updated
Leaping Animals
pecheneg
Reality TV Shows (A-Z)
bhenderson79
Rickey Henderson's Hall of Fame Teammates
pecheneg
Champions League XIs: Arsenal
pecheneg
Quick Pick: Celebrities in WWE's Hall of Fame
aduchscher
A-Z Keypad Blitz II
pecheneg
Multiple Oscar Actors
pecheneg
Mystery Phrase Blitz: Oscar 'Best Actors'
pecheneg
F. Scott Fitzgerald Novels
LTH
Pick 3 Villains
ddd62291
Trending Topics
Anime
Marvel
Harry Potter
Disney
Crossword
NBA
Kpop
Soccer
Country
WWE
NFL
The Office
Pokémon
Song
Puzzle
Your Account Isn't Verified!
In order to create a playlist on Sporcle, you need to verify the email address you used during registration. Go to your
Sporcle Settings
to finish the process.
Report this User
Report this user for behavior that violates our
Community Guidelines
.
Details:
Send Report
Go to the Sporcle.com Mobile Site →
Comments